| 000 | 00651cab a2200229 4500 | ||
|---|---|---|---|
| 001 | WB3305-08 | ||
| 008 | 090401t1997 xxu||||| |||| 00| 0 eng d | ||
| 035 | _a(Sirsi) u39126 | ||
| 041 | _aeng | ||
| 245 | _aTarmac to repay | ||
| 260 | _c1997 | ||
| 350 | _a0 | ||
| 490 |
_aFinancial Times _v27 January 1997, 4(1) |
||
| 520 | _aTarmac is to repay £22.5m to the government, following the settlement of a dispute over the sale of the PSA projects division. | ||
| 650 | _aCONSTRUCTION COMPANIES | ||
| 650 | _aPRIVATISATION | ||
| 650 | _aPSA PROJECTS | ||
| 650 | _aTARMAC | ||
| 690 | _aBUILT ENVIRONMENT | ||
| 942 | _n0 | ||
| 948 | _c04/03/1997 | ||
| 999 |
_c25095 _d25095 |
||